| 000 | 01037nam a22003257a 4500 | ||
|---|---|---|---|
| 003 | CHAP | ||
| 005 | 20220329134846.0 | ||
| 008 | 971013s1954 r 10010 d | ||
| 010 | _a27036 | ||
| 011 | _a28008 | ||
| 035 | _a32109 | ||
| 040 | _cCHAP | ||
| 082 |
_a633.73 _bC6 1954 |
||
| 111 | 0 | 0 |
_aCongreso Mundial del Café ( _n1 _d: 1954 _c: Curitiba) _926873 |
| 245 | _aDocumentos | ||
| 260 |
_aRío de Janeiro : _bInstituto Brasileiro de Café, _c1954 |
||
| 300 | _a156 p. | ||
| 490 |
_aDocumentos cafeeiros _v; 1 |
||
| 590 |
_aBATCH-UPD _b10 _c20130110 _lUCH01 _h0228 |
||
| 590 |
_aBATCH-UPD _b10 _c20130110 _lUCH01 _h2122 |
||
| 590 |
_aBATCH-UPD _b10 _c20130409 _lUCH01 _h2251 |
||
| 590 |
_aBATCH-UPD _b10 _c20130410 _lUCH01 _h1431 |
||
| 590 |
_aBATCH-UPD _b10 _c20130914 _lUCH01 _h0810 |
||
| 590 |
_aCONVERSION _b10 _c20130109 _lUCH01 _h1316 |
||
| 650 | 1 | 4 |
_aCafé _xCongresos. _917117 |
| 830 | 0 |
_aDocumentos cafeeiros _v; 1 _933257 |
|
| 901 | _aBK | ||
| 942 | _cLIBRO | ||
| 949 |
_a633.73 C6 1954 _bBC _cLIBRO _d-74308 _eLIBRO _h22783 _i32109 _si |
||
| 999 |
_c27036 _d27036 |
||